| 000 | 01077nam a2200253 u 4500 | ||
|---|---|---|---|
| 001 | 000657069 | ||
| 003 | AM-YeHGA | ||
| 005 | 20250617141436.0 | ||
| 008 | 090511s1985 ||||||||||||||||||||rus|c | ||
| 040 | _aAM-YeHGA | ||
| 041 | 0 | _arus | |
| 100 | 1 | _aМатвеев, Владислав Павлович | |
| 245 | 1 | 0 |
_aОвощеводство : _bУчебник / _cВ.П. Матвеев, М.И. Рубцов ; Ред. Л.М. Нефедова. |
| 250 | _a3-е изд., перераб. и доп. | ||
| 260 |
_aМосква : _bАгропромиздат, _c1985. |
||
| 300 |
_a432 с. : _bрис., схем., табл. ; _c22 см. |
||
| 440 | 0 | _aУчебники и учебные пособия для высших сельскохозйственных учебных заведений | |
| 500 | _aПредм. и тем. указ. : с. 419-428 | ||
| 504 | _aУказ. лит. : с. 417-418 | ||
| 650 | 1 | 4 | _aОвощеводство |
| 700 | 1 | _aРубцов, Михаил Иванович | |
| 700 | 1 |
_aНефедова, Л.М. _eред. _4edt |
|
| 090 | _c240395 | ||
| 999 |
_c238820 _d238820 |
||